00479nam a2200181Ia 4500003000900000008004100009040001600050080001600066100001300082245003000095260003900125300001000164490005200174650002200226650001900248650001300267650001700280IN-BaIIA211028s9999 xx 000 0 eng d cIIA Library a539.19bDEB aDebye, P 0aPolar moleculescP. Debye aNew YorkbDover Publicationsc1929 a172p. aDover books on chemistry and physical chemistry aMolecular physics aNASA thesaurus aPolarity aPolarization